MARC
| LEADER | 00000 a a2200000 04500 | ||
|---|---|---|---|
| 001 | 14411 | ||
| 003 | |||
| 040 | |a CRAI/IIS |c CRAI/IIS | ||
| 090 | |a 023300 | ||
| 110 | |a Costa Rica. Ministerio de Educación Pública. Unidad de Estadística y Recursos Humanos | ||
| 245 | |a Cifras e indicadores de analfabetismo y población en edad escolar | ||
| 260 | |a San José: |b La Unidad | ||
| 300 | |a 25 p. | ||
| 650 | |a ANALFABETISMO | ||
| 650 | |a POBLACION EN EDAD ESCOLAR | ||
| 999 | |c 7878 |d 7878 | ||
